| 000 | 01912cam a2200301 i 4500 | ||
|---|---|---|---|
| 003 | SA-RiAUC | ||
| 005 | 20250116082724.0 | ||
| 008 | 250108s1983 le g 00010 ara c | ||
| 024 | 0 | _a00000000986779 | |
| 040 |
_aDZ-AlALGU _bara _cSA-RiAUC _dQA-DoLU _erda |
||
| 050 | 4 | _b.R35 1983 | |
| 082 | 0 | 4 |
_a231 _qSA-RiAUC |
| 090 |
_a231 _b ر ا ج |
||
| 100 | 1 |
_aالراجحي، شرف الدين علي _eمؤلف. |
|
| 245 | 1 | 0 |
_aمصطلح الحديث وأثره على الدرس اللغوي عند العرب / _cتأليف الدكتور شرف الدين علي الراجحي. |
| 250 | _aالطبعة الأولى. | ||
| 264 | 1 |
_aبيروت : _bدار النهضة العربية للطباعة والنشر، _c1983. |
|
| 300 |
_a306 صفحة ؛ _c24 × 17 سم |
||
| 336 |
_aنص _btxt _2rdacontent _3كتاب |
||
| 337 |
_aبدون وسيط _bn _2rdamedia |
||
| 338 |
_aمجلد _bnc _2rdacarrier |
||
| 520 | _aيتناول كتاب (مصطلح الحديث وأثره على الدرس اللغوي عند العرب) والذي قام بتأليفه د. شرف الدين علي الراجحي، موضوع (الحديث) هذا الكتاب يقدم لنا دراسة تناولت منهج المحدثين عامة، ووسائلهم في تناول الحديث وطرائقهم في نقد الخبير إسنادا ومتنا، كما تناولت الدراسة موضوع آداب الحديث، وطرق الأخذ والتحمل ونقد السند والجرح والتعديل والتصحيف والتحريف، وتقد المتن، والمصنفات الجزئية. | ||
| 650 | 7 |
_aالحديث _xمصطلح _2aucsh |
|
| 650 | 7 |
_aاللغة العربية _xتاريخ _2aucsh |
|
| 942 |
_2ddc _cBOOK _n0 |
||
| 949 |
_aSA-JeALM _d250108 _umohamedma123 _n1 |
||
| 999 |
_c4869 _d4869 |
||